| 000 | 00728nam a2200205Ia 4500 | ||
|---|---|---|---|
| 005 | 20230605143733.0 | ||
| 008 | 131103s9999 xx 000 0 und d | ||
| 020 | _a60690081 | ||
| 040 | _aLoreto College | ||
| 041 | _aEnglish | ||
| 082 |
_a808.88 _bWAL |
||
| 245 | 4 |
_aThe Treasure chest _b a heritage album containing 1064 familiar and inspiration quotations, poems, sentiments and prayers from great minds of 2500 _cedited by Charles L. Wallis; photography by Catherine Hokins |
|
| 260 |
_aCambridge _bHarper and Row Pub _c1965 |
||
| 300 |
_aviii,248 p. _b ill. |
||
| 504 | _aIncludes index | ||
| 650 | _aEnglish Literature - Miscellaneous Writings | ||
| 700 | _aWallis, Charles L., ed. | ||
| 850 | _aLCLIB | ||
| 942 | _cBK | ||
| 999 |
_c7030 _d57509 |
||